Slovakia External Relations Briefing: Slovak Diplomacy As a Traditional Promoter of the Dialogue with the Western Balkans

Budovanie silnej vodcovskej úlohy EÚ v regióne západného Balkánu. Osobitný záujem Slovenska o dialóg medzi Srbskom a Kosovom. Nová metodika EÚ ponúkajúca transparentnú spätnú väzbu o pokroku kandidáta.

Na minha lista:
Detalhes bibliográficos
Autor principal: Baculáková, Kristína, 1988-
Formato: Capítulo de Livro
Idioma:inglês
Assuntos:
Tags: Adicionar Tag
Sem tags, seja o primeiro a adicionar uma tag!

MARC

LEADER 00000naa a2200000 4500
001 0276607
005 20240502083839.0
041 0 |a eng 
044 |a HU 
245 1 0 |a Slovakia External Relations Briefing: Slovak Diplomacy As a Traditional Promoter of the Dialogue with the Western Balkans  |c Kristína Baculáková 
520 |a Budovanie silnej vodcovskej úlohy EÚ v regióne západného Balkánu. Osobitný záujem Slovenska o dialóg medzi Srbskom a Kosovom. Nová metodika EÚ ponúkajúca transparentnú spätnú väzbu o pokroku kandidáta. 
610 2 0 |a vzťahy politické medzinárodné 
610 2 0 |a vzťahy zahraničné 
610 2 0 |a Európska únia 
610 2 0 |a Slovensko 
100 1 |a Baculáková, Kristína, 1988-